Scientific themes in the popular literature and the poetry of the German enlightenment, 1720-1760 /

Bibliographic Details
Main Author: Schatzberg, Walter
Format: Book
Language:English
German
Published: Berne : Herbert Lang, 1973.
Series:Germanic studies in America ; no. 12.
Subjects:

MARC

Tag First Indicator Second Indicator Subfields
LEADER 00000cam a2200000 4500
001 in00000015808
005 20151007052615.0
008 731101s1973 sz b 00010 eng
010 |a  73174984  
015 |a Sw73-A-2818 
020 |a 3261003170 
035 |a (OCoLC)00746544 
035 |9 AAA8488AM 
040 |a DLC  |c DLC  |d m/c  |d TXA  |d UtOrBLW 
041 0 |a eng  |a ger 
049 |a TXAM  |c [A11050358] 
050 0 0 |a PT295  |b .S3 
082 0 |a 831/.5/0931 
100 1 |a Schatzberg, Walter. 
245 1 0 |a Scientific themes in the popular literature and the poetry of the German enlightenment, 1720-1760 /  |c Walter Schatzberg. 
264 1 |a Berne :  |b Herbert Lang,  |c 1973. 
300 |a 349 pages ;  |c 23 cm. 
336 |a text  |b txt  |2 rdacontent 
337 |a unmediated  |b n  |2 rdamedia 
338 |a volume  |b nc  |2 rdacarrier 
490 1 |a German studies in America,  |v no. 12 
500 |a English and German. 
500 |a Based on the author's thesis, Johns Hopkins University. 
504 |a Bibliography: pages 333-343. 
650 0 |a German poetry  |y 18th century  |x History and criticism. 
650 0 |a Science in literature. 
650 0 |a Science  |v Early works to 1800. 
830 0 |a Germanic studies in America ;  |v no. 12. 
999 |a MARS 
999 f f |s f02eab85-3318-3100-98fe-adcdff0a0705  |i 3a2fb753-225f-3456-bf19-a84bda04996a  |t 0 
952 f f |p normal  |a Texas A&M University  |b College Station  |c Sterling C. Evans Library  |d Evans: Library Stacks  |t 0  |e PT295 .S3  |h Library of Congress classification  |i unmediated -- volume  |m A14811050358 
998 f f |a PT295 .S3  |t 0  |l Evans: Library Stacks